Secret of the night ponies / (Record no. 3426)
[ view plain ]
| 000 -LEADER | |
|---|---|
| fixed length control field | 00915nam a22002417a 4500 |
| 001 - CONTROL NUMBER | |
| control field | 3426 |
| 003 - CONTROL NUMBER IDENTIFIER | |
| control field | FISKH |
| 005 - DATE AND TIME OF LATEST TRANSACTION | |
| control field | 20240305084609.0 |
| 008 - FIXED-LENGTH DATA ELEMENTS--GENERAL INFORMATION | |
| fixed length control field | 240305b cb ||||| |||| 00| 0 eng d |
| 040 ## - CATALOGING SOURCE | |
| Original cataloging agency | FISK |
| Language of cataloging | eng |
| Transcribing agency | FISK |
| Modifying agency | FISK |
| 050 ## - LIBRARY OF CONGRESS CALL NUMBER | |
| Classification number | PZ7.H22666 |
| 082 ## - DEWEY DECIMAL CLASSIFICATION NUMBER | |
| Classification number | 458 |
| 100 ## - MAIN ENTRY--PERSONAL NAME | |
| Personal name | Hiatt Harlow Joan |
| Dates associated with a name | 1932- |
| 245 ## - TITLE STATEMENT | |
| Title | Secret of the night ponies / |
| Statement of responsibility, etc. | Joan Hiatt Harlow |
| 260 ## - PUBLICATION, DISTRIBUTION, ETC. | |
| Place of publication, distribution, etc. | New York : |
| Name of publisher, distributor, etc. | Scholastic, |
| Date of publication, distribution, etc. | 2010 |
| 300 ## - PHYSICAL DESCRIPTION | |
| Extent | 323 pages : |
| Dimensions | 20 cm |
| 505 ## - FORMATTED CONTENTS NOTE | |
| Formatted contents note | M |
| 520 ## - SUMMARY, ETC. | |
| Summary, etc. | In 1965 Newfoundland, thirteen-year-old Jessie's brave and impulsive nature leads her to commit a variety of daring acts, including rescuing a herd of wild ponies and kidnapping a poor orphan girl who is being mistreated by her guardians. Includes factual information about the history of the Newfoundland pony. |
| 521 8# - TARGET AUDIENCE NOTE | |
| Target audience note | 670 |
| Source | Lexiles |
| 700 ## - ADDED ENTRY--PERSONAL NAME | |
| Personal name | Joan Hiatt Harlow |
| 942 ## - ADDED ENTRY ELEMENTS (KOHA) | |
| Source of classification or shelving scheme | Dewey Decimal Classification |
| Koha item type | Books |
| Suppress in OPAC | No |
| Withdrawn status | Lost status | Source of classification or shelving scheme | Damaged status | Not for loan | Collection | Home library | Current library | Shelving location | Date acquired | Total Checkouts | Full call number | Barcode | Date due | Date last seen | Date last checked out | Copy number | Price effective from | Koha item type |
|---|---|---|---|---|---|---|---|---|---|---|---|---|---|---|---|---|---|---|
| Dewey Decimal Classification | Fiction | Footprints International School Library Network Toul Kork Campus | Footprints International School Library Network Toul Tom Poung Campus | 03/05/2024 | 1 | HIA PZ7.H22666 458 | 2024-0202 | 10/22/2025 | 10/08/2025 | 10/08/2025 | 1 | 03/05/2024 | Books |
